1139 1819 1589 1165 1092 1220 1440 1440 1647 1183 1472 1096 1798 1397 1543 1172 1598 1897 1945 1630 1126 1947 1161 1571 1919 1912 1311 1916 1683 1331 1574 1909 1494 1358 1868 1475 1839 1561 1810 1809 1887 1119 1728 1307 1348 1636 1141 1094 1349 1074 1441 1212 1973 1279 1905 1511 1808 1991 1665 1946 1936 1936 1126 1713 1482 1693 1337 1201 1678 1091 1569 1375 1232 1911 1663 1911 1438 1675 1876 1039 1174 1279 1638 1822 1963 1900 1516 1907 1640 1646 1674 1900 1402 1676 1962 1635 1447 1648 1396 BCNSPRNW ULIB Ver.6.0+V

เปลี่ยนเป็นภาษาไทย

Change to English
 แสดงรายละเอียดบรรณานุกรม
  กลับหน้าหลัก

Brief Record : Get Marc (ISO 2709) : E-mail record : QR code < ปิดหน้าต่าง
LEADER : 00000nam 2200000uu 4500
001    13399127193
003     ULIB
008    191021s2561||||th 000 0 tha d
020 ^- ^a9786167735955
050 ^- ^aนว.^bพ1215ก
100 0^ aพงศกร จินดาวัฒนะ
245 10 ^aเกลียวกระซิบ /พงศกร [นามแฝง]
260 ^- ^aกรุงเทพฯ :^bกรู๊ฟ พับลิชชิ่ง,^c2561.
300 ^- ^a450 หน้า
945    ^p360^l0^i27885
945    ^p360^l0^i28877
999    ^aกัณชพร จุลอักษร
รายการนี้ยังไม่มีแท็ก
คุณยังไม่ได้ล็อกอิน คุณสามารถมีกิจกรรมร่วมกับเว็บไซต์ได้ แต่ต้องล็อกอินก่อน ::
  ล็อกอิน

รายการสื่อสารสนเทศ

ลำดับที่ ประเภท เลขเรียก/บาร์โค้ด สถานที่ สถานะ
1. วิทยาศาสตร์การแพทย์ และสุขภาพ
วิทยาศาสตร์การแพทย์ และสุขภาพ
นว. พ1215ก ฉ.1 
  Barcode: 27885
ห้องสมุดวิทยาเขตนครสวรรค์
►นวนิยาย:l:Fiction
ถูกยืม กำหนดส่งวันที่ 26 มิถุนายน 2568
  จอง
2. วิทยาศาสตร์การแพทย์ และสุขภาพ
วิทยาศาสตร์การแพทย์ และสุขภาพ
นว. พ1215ก ฉ.2 
  Barcode: 28877
ห้องสมุดวิทยาเขตนครสวรรค์
►นวนิยาย:l:Fiction
บนชั้น

รายการใกล้เคียง
    ชื่อเรื่อง [เกลียวกระซิบ /พงศกร [นามแฝง]]

    ผู้แต่ง [aพงศกร จินดาวัฒนะ]

BibComment


ยังไม่เคยถูกคอมเมนท์

คอมเมนท์ทรัพยากรรายการนี้
  คอมเมนท์: เกลียวกระซิบ พงศ..


 Copyright 2026. Bcnsprnw @Library